00305nam a2200121Ia 4500008004100000040001600041041001200057082001600069100001600085245003700101260003500138300001000173230917s9999||||xx |||||||||||||| ||und|| e81339aMAIN aEnglish a342.7 K527C aKhanna, H R 0aConstitution and civil liberties aNew DelhibRadha Krishanc1978 a94 p.